Tribal Customary Laws of North-East India (Record no. 17363)

MARC details
000 -LEADER
fixed length control field 00590nam a2200229 a 4500
020 ## - INTERNATIONAL STANDARD BOOK NUMBER
ISBN 9788170185864
082 00 - DEWEY DECIMAL CLASSIFICATION NUMBER
Classification number 306.0899145
Author Cutter ROY1
100 ## - MAIN ENTRY--AUTHOR NAME
Author name Roy, Shibani
245 ## - TITLE STATEMENT
Title Tribal Customary Laws of North-East India
260 ## - PUBLICATION, DISTRIBUTION, ETC. (IMPRINT)
Place of publication Delhi
Name of publisher B.R.Publishing Corporation
Year of publication 2011
300 ## - PHYSICAL DESCRIPTION
Number of Pages 204p
500 ## - GENERAL NOTE
General note includes index and biblioraphy
505 2# - FORMATTED CONTENTS NOTE
Formatted contents note Index
650 ## - SUBJECT ADDED ENTRY--TOPICAL TERM
Topical Term Tribes-India-North East
942 ## - ADDED ENTRY ELEMENTS (KOHA)
Koha item type Books
Holdings
Collection code Home library Current library Date acquired Cost, normal purchase price Full call number Accession Number Koha item type
  Henry Martyn Institute Library Henry Martyn Institute Library 10/05/2011 695.00 306.0899145 ROY1 023690 Books
                   Copyright © 2026 | Henry Martyn Institute | Hyderabad | TS-500052 | INDIA | Implemented by hmi.edu.in
Hit-Count:

Powered by Koha